[Event "FIDE World Uni Blitz-B 1st"]
[Site "Tornelo INT"]
[Date "2021.03.13"]
[Round "4.55"]
[White "Rohit, Roy Chaudhary"]
[Black "Ghevondyan, Arman"]
[Result "0-1"]
[WhiteElo "1519"]
[BlackElo "1895"]
[PlyCount "126"]
[EventDate "2021.03.13"]
[EventType "swiss (blitz)"]
[EventRounds "10"]
[EventCountry "NET"]
[SourceTitle "EXT 2022"]
[Source "ChessBase"]
[SourceDate "2021.10.06"]
[SourceVersion "1"]
[SourceVersionDate "2021.10.06"]
[SourceQuality "1"]

1. d4 Nf6 2. c4 g6 3. Nf3 d5 4. Nc3 Bg7 5. g3 0-0 6. Bg2 c5 7. dxc5 dxc4 8. 0-0 Qa5 9. Be3 Ng4 10. Bd4 Rd8 11. Bxg7 Rxd1 12. Rfxd1 Kxg7 13. h3 Nf6 14. e4 Nc6 15. e5 Nd7 16. e6 fxe6 17. Ng5 Nxc5 18. Re1 h6 19. Nge4 Nxe4 20. Rxe4 e5 21. f4 Bf5 22. Rxc4 exf4 23. Rxf4 Qb6+ 24. Kh1 Qxb2 25. Raf1 Qxc3 26. g4 Be6 27. Re4 Bd5 28. Ref4 Bxg2+ 29. Kxg2 Ne5 30. a4 Rd8 31. Kh1 Qc6+ 32. Kh2 Rd2+ 33. R1f2 Rxf2+ 34. Rxf2 Qc5 35. Re2 Qc4 36. Rf2 Qd4 37. Kg3 Qe3+ 38. Kg2 Nd3 39. Ra2 Nf4+ 40. Kh1 Qxh3+ 41. Kg1 Qxg4+ 42. Kf1 Qf3+ 43. Rf2 Qd3+ 44. Kg1 Qe3 45. Kf1 Qxf2+ 46. Kxf2 Nd3+ 47. Ke3 Nc5 48. a5 Nb3 49. a6 bxa6 50. Kd3 a5 51. Kc4 a4 52. Kb4 h5 53. Kxa4 Nc1 54. Ka3 h4 55. Kb2 Ne2 56. Kc2 h3 57. Kd2 Nd4 58. Kd3 h2 59. Kxd4 h1Q 60. Kc5 a5 61. Kb5 g5 62. Kxa5 Qb1 63. Ka4 g4 0-1